Statistics for Countries, US States, Capitals, Elements, 100 Most Common Words: A + B + xyz = C #2

Click here to take the quiz!

General Stats

  • This quiz has been taken 46 times
  • The average score is 39 of 48

Answer Stats

ANSWER% Correct
{New} 1
97%
{New} j{e}r{Se}y{}
97%
{See} 8
97%
{Well} 1
97%
{Well}i{}n{}g{toN}
97%
{Her} 2
94%
{India} 4
94%
{WasHi}n{}g{t}o{n}
94%
{}c{HarLes}t{o}n{}
90%
{}n{eThe}r{}l{Ands}
90%
{Not} 1
90%
{Not} 10
90%
{One} 10
90%
{One} 2
90%
{One} 4
90%
{Time} 4
90%
{Time} 5
90%
{All} 2
87%
{And} 8
87%
{And} 9
87%
{Dakar} 7
87%
{His} 4
87%
{His} 4
87%
{}i{}n{dIana}p{oLis}
87%
{Laos} 10
87%
{Laos} 5
87%
{m}o{nTe}v{i}d{eO}
87%
{Rome} 9
87%
{BurkIna} f{a}s{}o{}
84%
{Iran} 5
84%
{N}o{r}t{}h {Dakota}
84%
{These} 3
84%
{Baku} 1
81%
{}i{ndOne}s{}i{A}
81%
{Neon} 4
81%
{Want} 1
81%
{mO}n{}t{ene}g{Ro}
77%
{}n{AsH}v{ill}e{}
77%
{O}k{lahoMa} c{it}y{}
74%
{}r{oeNT}g{eni}u{m}
68%
{She} 8
68%
{Radon} 1
61%
{domIni}c{an} {re}p{ubLi}c{}
58%
{Rho}d{e} i{S}l{and}
52%
{Malta} 7
42%
{Ohio} 1
39%
{Iridium} 4
26%
{Lebanon} 16
23%

Score Distribution

Percentile by Number Answered

Percent of People with Each Score

Your Score History

You have not taken this quiz